2 Letter Scrabble Words - Statistics

General Stats
  • This quiz has been taken 25 times
  • The average score is 66 of 107
Answer Stats
Answer % Correct
as
100%
at
100%
be
100%
am
93%
an
93%
ba
93%
bi
93%
bo
93%
do
93%
ab
86%
ad
86%
ar
86%
aw
86%
by
86%
da
86%
eh
86%
in
86%
or
86%
aa
79%
ae
79%
ai
79%
al
79%
ax
79%
ay
79%
de
79%
ed
79%
ef
79%
el
79%
et
79%
ew
79%
fa
79%
go
79%
he
79%
hi
79%
if
79%
it
79%
ma
79%
no
79%
on
79%
ag
71%
ah
71%
em
71%
en
71%
er
71%
es
71%
ex
71%
fe
71%
gi
71%
ha
71%
ho
71%
na
71%
ne
71%
is
64%
la
64%
li
64%
lo
64%
me
64%
mi
64%
mo
64%
nu
64%
oe
64%
of
64%
op
64%
id
57%
ka
57%
ki
57%
mu
57%
oh
57%
oi
57%
ok
57%
ow
57%
pe
57%
po
57%
hm
50%
my
50%
od
50%
om
50%
os
50%
pa
50%
pi
50%
re
50%
to
50%
jo
43%
mm
43%
ox
43%
we
43%
oy
36%
so
36%
up
36%
wo
36%
yo
36%
qi
29%
si
29%
ta
29%
us
29%
ye
29%
za
29%
te
21%
ti
21%
ya
21%
uh
14%
um
14%
un
14%
ut
14%
xi
14%
xu
14%
sh
7%
No matching quizzes found
Score Distribution
Percent of People with Each Score
Percentile by Number Answered
Your Score History
You have not taken this quiz